00832nam a2200217 a 4500001001000000005001700010008004100027041000800068044000700076050002400083100004200107245016300149260003400312300002400346440013500370500000900505650002900514650002200543700002700565700002200592BRCA_356720190320204333.0040809s1963----mx-a---###---#000-0#spa-# aspa amx 4aND257.P8b.P47 19631 aPérez Salazar, Franciscod1888-194110aHistoria de la pintura en PueblacFrancisco Pérez Salazar ; edición, introcucción y notas de Elisa Vargas Lugo ; revisión y notas de Carlos de Ovando. aMéxicobUniversitariac1963 a245 p.bil.c24 cm. 0aUniversidad Nacional Autónoma de México. Instituto de Investigaciones Estéticas. Estudios y Fuentes del arte en Méxicov13 aB23514aPinturazPuebla (Ciudad)14aPinturaxHistoria1 aVargas Lugo, Elisaeed1 aOvando, Carlos de